Hướng dẫn tự học internet và internet explorer 6.0

Bewaard in:
Bibliografische gegevens
Hoofdauteur: Hoàng Sơn
Formaat: Boek
Taal:Undetermined
Gepubliceerd in: Thống kê 2001
Tags: Voeg label toe
Geen labels, Wees de eerste die dit record labelt!
Thư viện lưu trữ: Trung tâm Học liệu Trường Đại học Cần Thơ
LEADER 00438nam a2200145Ia 4500
001 CTU_48325
008 210402s9999 xx 000 0 und d
082 |a 005.3684 
082 |b H407 
100 |a Hoàng Sơn 
245 0 |a Hướng dẫn tự học internet và internet explorer 6.0 
245 0 |c Hoàng Sơn, Quang Huy 
260 |b Thống kê 
260 |c 2001 
980 |a Trung tâm Học liệu Trường Đại học Cần Thơ